| 000 | 00418nam a2200169Ia 4500 | ||
|---|---|---|---|
| 008 | 180424s9999 xx 000 0 und d | ||
| 084 | _a595.7 E1 | ||
| 100 | _a"Elzinga, Richard J" | ||
| 245 | 0 | _aFundamentals of Entomology | |
| 250 | _a\\197800ENGGPSX | ||
| 260 | _aPrentice Hall | ||
| 260 | _b1978 | ||
| 260 | _cEnglewood Cliffs | ||
| 300 | _ax+325p | ||
| 500 | _aincludes index and biblioraphy | ||
| 942 | _cBK | ||
| 999 |
_c39941 _d39941 |
||